000
00410nam a2200133Ia 4500
008
151001s9999||||xx |||||||||||||| ||und||
100
_a
प्रभाकर वैद्य
245
_a
वल्लभभाई पटेल
250
_a
1
260
_b
अभिनव प्रकाशन इंदोर मध्यप्रदेश
260
_c
1977
300
_a
394
365
_b
21
999
_c
962765
_d
962762